1375 1145 1408 1513 1753 1980 1286 1976 1962 1521 1629 1859 1843 1957 1928 1522 1853 1168 1525 1437 1195 1715 1487 1308 1873 1624 1188 1230 1718 1002 1975 1948 1191 1087 1798 1995 1941 1475 1399 1876 1613 1774 1984 1832 1191 1346 1358 1994 1410 1266 1605 1202 1970 1973 1461 1641 1349 1875 1419 1033 1540 1776 1674 1447 1850 1292 1974 2000 1171 1311 1822 1706 1367 1502 1285 1396 1915 1723 1941 1671 1883 1244 1457 1799 1216 1259 1062 1207 1545 1215 1244 1655 1783 1747 1546 1513 1381 1284 1000 BCNSPRNW ULIB Ver.6.0+V

เปลี่ยนเป็นภาษาไทย

Change to English
 แสดงรายละเอียดบรรณานุกรม
  กลับหน้าหลัก

Brief Record : Get Marc (ISO 2709) : E-mail record : QR code < ปิดหน้าต่าง
LEADER : 00000nam a2200000 a 4500
001    13399114541
003     ULIB
008    020913s1998 us d 000 0 eng d
020    ^a9780323052917
060 04 ^aW13^bM894
245 00 ^aMosby s pocket dictionary of medicine, nursing & allied
246 30 ^aPocket dictionary of medicine, nursing & allied health
250    ^a6th ed.
260    ^aSt. Louis :^bMosby,^cc2010
300    ^ax, 1478 p.
500    ^aSend to Single Search
650  2 ^aAllied Health Occupations^vdictionaries
650  2 ^aDictionaries, Medical
650  2 ^aNursing^vdictionaries
700 1  ^aAnderson, Kenneth N.,^d1921-
700 1  ^aAnderson, Lois E.
945    ^p0^l0^i031637
995    ^aKesorn
999 ^a ใช้งานได้ทุกระบบ
รายการนี้ยังไม่มีแท็ก
คุณยังไม่ได้ล็อกอิน คุณสามารถมีกิจกรรมร่วมกับเว็บไซต์ได้ แต่ต้องล็อกอินก่อน ::
  ล็อกอิน

รายการสื่อสารสนเทศ

ลำดับที่ ประเภท เลขเรียก/บาร์โค้ด สถานที่ สถานะ
- ไม่พบข้อมูล -

รายการใกล้เคียง
    หัวเรื่อง [Dictionaries, Medical]

BibComment


ยังไม่เคยถูกคอมเมนท์

คอมเมนท์ทรัพยากรรายการนี้
  คอมเมนท์: Mosby s pocket d..


 Copyright 2026. Bcnsprnw @Library